| 000 | 00551nam a2200193Ia 4500 | ||
|---|---|---|---|
| 005 | 20230504111154.0 | ||
| 008 | 131103s9999 xx 000 0 und d | ||
| 040 | _aLoreto College | ||
| 041 | _aEnglish | ||
| 082 |
_a823.8 _bTRO |
||
| 100 | _aTrollope, anthony | ||
| 245 |
_aBarchester Towers and the Warden _cAnthony Trollope ; Introduction by Harlan Hatcher |
||
| 260 |
_aNew york _bModern Library _c1950 |
||
| 300 | _axx,746p. | ||
| 650 | _aenglish fiction - collection | ||
| 700 | _aHatcher, Harlan; intro | ||
| 850 | _aLCLIB | ||
| 942 | _cBK | ||
| 999 |
_c22587 _d73066 |
||